Geography Series #28 - Statistics

General Stats
  • This quiz has been taken 55 times
  • The average score is 16 of 19
Answer Stats
Countries Occupied by Nazi Germany % Correct
Austria
100%
France
96%
Italy
96%
Poland
96%
Belgium
94%
Czechoslovakia
92%
Netherlands
92%
Denmark
88%
Finland
88%
Greece
88%
Hungary
88%
Luxembourg
86%
Soviet Union
84%
Norway
82%
Yugoslavia
70%
Albania
66%
Monaco
64%
San Marino
64%
Lithuania
24%
No matching quizzes found
Score Distribution
Percent of People with Each Score
Percentile by Number Answered
Your Score History
You have not taken this quiz